| 000 | nam a22 7a 4500 | ||
|---|---|---|---|
| 999 |
_c127777 _d127777 |
||
| 008 | 180326b xxu||||| |||| 00| 0 eng d | ||
| 050 |
_aL. BL723 _b.M739 |
||
| 100 |
_aMoncrieff, Ascot Robert Hope _940973 |
||
| 245 |
_aMitologia classica _bguia ilustrado _cAscot Robert Hope Moncrieff |
||
| 260 |
_aLisboa _bEditorial estampa _c1992 |
||
| 300 |
_a160p. ; _c30cm. |
||
| 650 |
_aMythology, Classical _927311 |
||
| 700 |
_aGoncalves de Azevedo, M.F. tr. _940974 |
||
| 942 |
_2lcc _cMONOGRAPH |
||